| 000 | 01102nam0a2200289 4500 | ||
|---|---|---|---|
| 001 | RU\NLR\b_ik\195724 | ||
| 005 | 20260406135517.0 | ||
| 010 |
_a978-5-9925-0274-9 _93000 |
||
| 035 | _a(NLR Aleph) 002268134 | ||
| 090 |
_a3912642 _c3912642 |
||
| 100 | _a20120601d2012 |||y0rusy50 ca | ||
| 101 | 0 | _aeng | |
| 102 | _aRU | ||
| 105 | _ay ||||||||| | ||
| 200 | 1 |
_aTheatre _e[книга для чтения на английском языке] _fW. Somerset Maugham _gкоммент. и слов. Н.В. Демидовой |
|
| 210 |
_aСанкт-Петербург _cКАРО _d2012 |
||
| 215 |
_a380, [2] с. _d16 |
||
| 225 | 1 |
_aEnglish _iClassical literature |
|
| 300 | _aВ вып. дан.: Театр / Уильям Сомерсет Моэм | ||
| 517 | 0 | _aТеатр | |
| 606 | 1 |
_aАнглийский язык _jКниги для чтения _9972309 _3RU\NLR\AUTH\6646032 |
|
| 686 | 1 | _aШ143.21-93рус91 | |
| 700 | 1 |
_4070 _8eng _7ba _aMaugham _bW. S. _f1874-1965 _gWilliam Somerset _3RU\NLR\AUTH\772691 _9112699 |
|
| 801 | 0 |
_aRU _bNLR _c20120601 _gRCR |
|
| 942 | _cBOOK | ||
| 980 | _aNB | ||